000 00972nam a2200241Ii 4500
003 JO-AjNU
008 230605s9999||||xx |||||||||||||| ||und||
017 _a2002/14213
020 _a977-01-8004-1
040 _aJO-AjNU
_bara
_erda
_cJO-AjNU
041 _aara
050 1 4 _aBP133.M37 2002
100 3 _aتصنيف مرزوق، عبد الصبور,
_eauthor
_940738
245 0 0 _aمعجم الأعلام والموضوعات في القرآن الكريم،مج1، ج1
250 _aطبعة خاصة تصدرها دار الشروق ضمن مشروع مكتبة الاسرة
264 3 1 _aالقاهرة: دار الشروق، 2002
300 _aمج1،ج1، 199ص
336 _atext
_btxt
_2rdacontent
337 _aunmediated
_bn
_2rdamedia
338 _avolume
_bnc
_2rdacarrier
490 0 _aسلسلة الاعمال الدينية
650 4 _aالقران - الفاظ -القران - تراجم - القران - معاجم -القران - قصص
_940739
999 _aA17313
_c20881
_d20881